Construyendo valores

Saved in:
Bibliografiske detaljer
Hovedforfatter: Gracia, Diego (autor)
Format: Ukendt
Sprog:engelsk
Udgivet: Madrid, España: Triacastela, 2013
Serier:Colección Logos
Fag:
Tags: Tilføj Tag
Ingen Tags, Vær først til at tagge denne postø!

MARC

LEADER 00000 a2200000 4500
003 CL-VaPUC
005 20211215133825.0
008 201124b ||||| |||| 00| 0 eng d
999 |c 431780  |d 431778 
020 |a 9788495840769 
040 |c Pontificia Universidad Católica de Valparaíso 
082 |a 303.372 GRA 2013 
100 |a Gracia, Diego   |9 856811  |e autor 
245 |a Construyendo valores 
260 |a Madrid, España:  |b Triacastela,  |c 2013 
300 |a 274 páginas  
440 |a Colección Logos   |n  7  |9 858365 
583 |k Cristina Rojas  |c 20201124 
650 0 |a Valores  |9 309628 
942 |2 ddc  |c BK 
952 |0 0  |1 0  |2 ddc  |4 0  |6 303_372000000000000_GRA_2013  |7 0  |8 A  |9 576999  |a BIBTEO  |b BIBTEO  |d 2020-11-24  |e 3  |g 22443.00  |i 5578337  |l 1  |o 303.372 GRA 2013  |p 5578337  |r 2025-01-17  |s 2024-11-19  |t 1  |v 22443.00  |w 2020-11-24  |y BK  |k ICR